La transición energética en los países en desarrollo.
Guardado en:
| Autor Corporativo: | |
|---|---|
| Formato: | Libro |
| Idioma: | Spanish |
| Publicado: |
Washington :
Banco Mundial,
1983.
|
| Etiquetas: |
Agregar Etiqueta
Sin Etiquetas, Sea el primero en etiquetar este registro!
|
| LEADER | 00477nam a22001575a 4500 | ||
|---|---|---|---|
| 001 | EEO.bibeco002607 | ||
| 003 | AR-BaUEB | ||
| 005 | 20110412134607.0 | ||
| 008 | 080718s1983####xxu###########000#0#spa#d | ||
| 245 | 1 | 3 | |a La transición energética en los países en desarrollo. |
| 260 | |a Washington : |b Banco Mundial, |c 1983. | ||
| 300 | |a 192 p. | ||
| 020 | |a 0821302884 | ||
| 110 | 2 | |a Banco Mundial (Washington, D.C.). | |
| 082 | 0 | 4 | |a 333.79 |
| 859 | |a AR-BaUEB |b BIB. ECONOMIA - General |h 333.79 |i B22 |p e05281 | ||
